000
00427nam a22001337a 4500
003
SGT
020
_a
8190295942
082
_a
080
_b
B06V
100
_a
विश्वजीत
245
_a
बौद्ध धर्म के विकास में ब्राह्मणों का योगदान
260
_b
इम्प्रैशन पब्लिकेशंस
_c
2006
300
_a
153
942
_2
ddc
_c
BK
999
_c
31501
_d
31501